This is on me : (Record no. 4066)

MARC details
000 -LEADER
fixed length control field 00612nam a22001697a 4500
003 - CONTROL NUMBER IDENTIFIER
control field OSt
005 - DATE AND TIME OF LATEST TRANSACTION
control field 20250819052640.0
008 - FIXED-LENGTH DATA ELEMENTS--GENERAL INFORMATION
fixed length control field 250819b |||||||| |||| 00| 0 eng d
040 ## - CATALOGING SOURCE
Original cataloging agency DWC-Main Lib
Transcribing agency OC
082 ## - DEWEY DECIMAL CLASSIFICATION NUMBER
Classification number Fil. 920 K11t 2020
100 ## - MAIN ENTRY--PERSONAL NAME
Personal name Kabasares, Cris D.
245 ## - TITLE STATEMENT
Title This is on me :
Remainder of title a memoir of essays and articles/
Statement of responsibility, etc. Cris D. Kabasares
260 ## - PUBLICATION, DISTRIBUTION, ETC.
Place of publication, distribution, etc. [place of publication not identified] :
Name of publisher, distributor, etc. [publishing company not identified],
Date of publication, distribution, etc. c2020.
300 ## - PHYSICAL DESCRIPTION
Extent 226 pages :
Other physical details illustrations ;
Dimensions 22cm.
650 ## - SUBJECT ADDED ENTRY--TOPICAL TERM
Topical term or geographic name entry element 1. Kabasares, Cris - A memoir (1933-2016) --- Journalist.
942 ## - ADDED ENTRY ELEMENTS (KOHA)
Source of classification or shelving scheme Dewey Decimal Classification
Koha item type Book-Filipiniana
Call number prefix Fil.
Suppress in OPAC No
952 ## - LOCATION AND ITEM INFORMATION (KOHA)
--
Holdings
Withdrawn status Lost status Source of classification or shelving scheme Damaged status Not for loan Home library Current library Shelving location Date acquired Source of acquisition Total Checkouts Full call number Barcode Date last seen Copy number Price effective from Koha item type Uniform Resource Identifier
    Dewey Decimal Classification     College Library College Library Filipiniana 09/01/2023 Donation   Fil. 920 K11t 2020 CL53902 08/19/2025 c1 08/19/2025 BK - FIL